Mechanical appliances, mechanical movements and novelties of construction; (Запис № 524234)
[ простий вигляд ]
| 000 -LEADER | |
|---|---|
| fixed length control field | 01878cam a2200313I 4500 |
| 001 - CONTROL NUMBER | |
| control field | mechanicalapplia00hisc |
| 003 - CONTROL NUMBER IDENTIFIER | |
| control field | CaSfIA |
| 005 - DATE AND TIME OF LATEST TRANSACTION | |
| control field | 20210118184729.0 |
| 007 - PHYSICAL DESCRIPTION FIXED FIELD--GENERAL INFORMATION | |
| fixed length control field | cr|||| |
| 008 - FIXED-LENGTH DATA ELEMENTS--GENERAL INFORMATION | |
| fixed length control field | 770914s1927 nyua 001 0 eng |
| 010 ## - LIBRARY OF CONGRESS CONTROL NUMBER | |
| LC control number | 27014011 |
| 040 ## - CATALOGING SOURCE | |
| Original cataloging agency | DLC |
| Transcribing agency | GAT |
| Modifying agency | GAT |
| -- | OCLCG |
| -- | CaSfIA |
| 035 ## - SYSTEM CONTROL NUMBER | |
| System control number | (OCoLC)3262373 |
| 050 0# - LIBRARY OF CONGRESS CALL NUMBER | |
| Classification number | TJ181 |
| Item number | .H7 1927 |
| 029 1# - (OCLC) | |
| OCLC library identifier | AU@ |
| System control number | 000027910642 |
| 100 1# - MAIN ENTRY--PERSONAL NAME | |
| Personal name | Hiscox, Gardner Dexter, |
| Dates associated with a name | 1822?-1908. |
| 245 10 - TITLE STATEMENT | |
| Title | Mechanical appliances, mechanical movements and novelties of construction; |
| Medium | [electronic resource] |
| Remainder of title | a complete work and a continuation, as a second volume, of the author's book entitled "Mechanical movements, powers and devices" ... including an explanatory chapter on the leading conceptions of perpetual motion existing during the past three centuries, |
| Statement of responsibility, etc | by Gardner Hiscox. Containing one thousand specially made illustrations. |
| 250 ## - EDITION STATEMENT | |
| Edition statement | 6th rev. and enl. ed. |
| 260 ## - PUBLICATION, DISTRIBUTION, ETC. (IMPRINT) | |
| Place of publication, distribution, etc | New York, |
| Name of publisher, distributor, etc | Henley Pub. Co., |
| Date of publication, distribution, etc | 1927. |
| 300 ## - PHYSICAL DESCRIPTION | |
| Extent | 412 p. |
| Other physical details | illus., diagrs. |
| Dimensions | 24 cm. |
| 530 ## - ADDITIONAL PHYSICAL FORM AVAILABLE NOTE | |
| Additional physical form available note | Also issued online. |
| 506 ## - RESTRICTIONS ON ACCESS NOTE | |
| Standardized terminology for access restriction | Необхідна авторизація на https://archive.org/ (створення облікового запису безкоштовно) |
| 506 ## - RESTRICTIONS ON ACCESS NOTE | |
| Standardized terminology for access restriction | Необхідна авторизація на https://openlibrary.org/ (створення облікового запису безкоштовно) |
| 650 #0 - SUBJECT ADDED ENTRY--TOPICAL TERM | |
| Topical term or geographic name as entry element | Mechanical movements. |
| 776 08 - ADDITIONAL PHYSICAL FORM ENTRY | |
| Display text | Online version: |
| Main entry heading | Hiscox, Gardner Dexter, 1822?-1908. |
| Title | Mechanical appliances, mechanical movements and novelties of construction. |
| Edition | 6th rev. and enl. ed. |
| Place, publisher, and date of publication | New York, Henley Pub. Co., 1927 |
| Record control number | (OCoLC)601775794 |
| 856 41 - ELECTRONIC LOCATION AND ACCESS | |
| Uniform Resource Identifier | <a href="http://www.archive.org/details/mechanicalapplia00hisc">http://www.archive.org/details/mechanicalapplia00hisc</a> |
| Public note | Free eBook from the Internet Archive |
| 856 42 - ELECTRONIC LOCATION AND ACCESS | |
| Uniform Resource Identifier | <a href="http://www.openlibrary.org/books/OL6703219M">http://www.openlibrary.org/books/OL6703219M</a> |
| Public note | Additional information and access via Open Library |
| 942 ## - ADDED ENTRY ELEMENTS (KOHA) | |
| Koha item type | ЕКнига |
Немає доступних примірників.